Music Quiz

Random Music Quiz
Score 0/11 Timer 03:00
0 Plays Today
Clue No.: Clue: % Correct
Answer:???
100%
Type 10 for clue???
83.9%
Type 9 for clue???
66.1%
Type 8 for clue???
57.1%
Type 6 for clue???
35.7%
Type 7 for clue???
35.7%
Type 5 for clue???
33.9%
Type 4 for clue???
28.6%
Type 3 for clue???
23.2%
Type 2 for clue???
7.1%
Type 1 for clue???
3.6%
Remove Ads.
Support Sporcle.
Get the best of Sporcle when you Go Orange. This ad-free experience offers more features, more stats, and more fun while also helping to support Sporcle. Thank you for becoming a member.

You're not logged in!

Compare scores with friends on all Sporcle quizzes.
OR
Log In

Show Comments

Extras

Created Aug 31, 2015ReportNominate
Tags:Act, Identify, minute

Top Quizzes Today


Score Distribution

Your Account Isn't Verified!

In order to create a playlist on Sporcle, you need to verify the email address you used during registration. Go to your Sporcle Settings to finish the process.

Report this User

Report this user for behavior that violates our Community Guidelines.

Details: